| 000 | 00787cam a22002534a 4500 | ||
|---|---|---|---|
| 001 | 14807040 | ||
| 003 | 000438 | ||
| 005 | 20220326193303.0 | ||
| 008 | 070413s2001 ve a b 000 0 spa | ||
| 010 | _a 2002404544 | ||
| 020 | _a9802442550 | ||
| 040 |
_aDLC _cDLC |
||
| 050 | 0 | 0 |
_aBH39 _b.R34196 2001 |
| 100 | 1 |
_aRamos, María Elena, _d1947- |
|
| 245 | 1 | 0 |
_aArmónico-disonante : _breflexiones sobre arte y estética / _cMaría Elena Ramos. |
| 250 | _a1. éd. | ||
| 260 |
_aCaracas : _bUniversidad Católica Andrés Bello, _c2001. |
||
| 300 |
_a360 p. : _bill. ; _c21 cm. |
||
| 504 | _aIncludes bibliographical references. | ||
| 650 | 0 | _aAesthetics. | |
| 650 | 0 |
_aArts _xPhilosophy. |
|
| 906 |
_a7 _bcbc _corignew _d2 _encip _f20 _gy-gencatlg |
||
| 999 |
_c328 _d328 |
||